Static pressure drop across wire screens with a view to measure flow rate and comparison with flow rate measurement by orifices (Record no. 323510)

000 -LEADER
fixed length control field 00425 a2200133 4500
001 - CONTROL NUMBER
control field 88437
082 ## - DEWEY DECIMAL CLASSIFICATION NUMBER
Classification number PR 652
090 ## - LOCALLY ASSIGNED LC-TYPE CALL NUMBER (OCLC); LOCAL CALL NUMBER (RLIN)
-- 41862
-- 41862
100 ## - MAIN ENTRY--PERSONAL NAME
Personal name Nafees Ul Haq
245 ## - TITLE STATEMENT
Title Static pressure drop across wire screens with a view to measure flow rate and comparison with flow rate measurement by orifices
260 ## - PUBLICATION, DISTRIBUTION, ETC.
Place of publication, distribution, etc. Karachi
Name of publisher, distributor, etc. University of Karachi
Date of publication, distribution, etc. 1971
300 ## - PHYSICAL DESCRIPTION
Extent 30p.
500 ## - GENERAL NOTE
General note BE Project Reports
942 ## - ADDED ENTRY ELEMENTS (KOHA)
Institution code [OBSOLETE] University of Karachi
Call number prefix PR 652
Holdings
Withdrawn status Lost status Damaged status Not for loan Collection code Permanent Location Current Location Date acquired Total Checkouts Full call number Barcode Date last seen Price effective from Koha item type
          College of Aeronautical Engineering (CAE) College of Aeronautical Engineering (CAE) 04/03/2017   PR 652 CAEPR-652 04/05/2017 04/05/2017 Book
© 2023 Central Library, National University of Sciences and Technology. All Rights Reserved.